|
|
|
|
| LEADER |
00000ny a22000003n 4500 |
| 005 |
20110527132749.0 |
| 008 |
080709s2003 sp s 000 0 spa c |
| 020 |
|
|
|a 8471114313
|
| 035 |
|
|
|a 1702
|
| 040 |
|
|
|a UMA.RE
|d vLex
|
| 080 |
|
|
|a 349.4(460)(0.034)
|
| 090 |
|
|
|c 324
|d 324
|
| 100 |
1 |
|
|a Rodrg̕uez Garca̕, Jos ̌Antonio
|
| 245 |
1 |
0 |
|a Urbanismo y confesiones religiosas
|h [Recurso electrn̤ico]
|b el derecho urbans̕tico y los principios de laicidad y de cooperacin̤ con las confesiones religiosas /
|c Jos ̌Antonio Rodrg̕uez Garca̕
|
| 256 |
|
|
|a Servicio en ln̕ea
|
| 260 |
|
|
|a [Madrid] :
|b Montecorvo,
|c 2003
|
| 506 |
1 |
|
|a Contenido solo disponible en los productos indicados
|d vLex Global
|d vLex Global (Academic Edition, excluding Law Schools)
|d vLex Global (U.S. Academic Edition, Law Schools)
|d vLex Global (U.S. Academic Edition, excluding Law Schools)
|d vLex Global (Academic Edition, Law Schools)
|
| 650 |
0 |
7 |
|a Religin̤
|2 Tesauro vLex
|
| 650 |
0 |
7 |
|a Inmobiliario y registral
|2 Tesauro vLex
|
| 650 |
0 |
7 |
|a Urbanismo
|2 Tesauro vLex
|
| 650 |
0 |
7 |
|a Derecho eclesis̀tico
|2 Tesauro vLex
|
| 740 |
0 |
|
|a vLex Libros (Servicios en ln̕ea)
|
| 856 |
4 |
0 |
|u http://vlex.com/source/1702
|z Acceso restringido
|
| 942 |
|
|
|c BOOK
|
| 999 |
0 |
|
|a Ecclesiastical law
|b Madrid
|